000 00569nam a2200181 i 4500
001 89158
003 ES-MaACL
005 20230906180105.0
007 t|
008 050105s1973 sp |||| | spa d
100 1 _aLara Pozuelo, Antonio.
_970218
245 1 3 _aEl adjetivo en la lírica de Federico García Lorca /
_cAntonio Lara Pozuelo.
260 _aBarcelona :
_bAriel,
_c[1973]
300 _a227 p. ;
_c23 cm.
600 1 4 _aGarcía Lorca, Federico,
_d1898-1936-
_xCrítica e interpretación
_954857
852 _aES-MaACL
_jC-54684
999 _c89158
_d89158